01315nam a2200337Ia 450000500170000000800270001702000180004408200160006210000210007824501840009925000170028330000480030050000210034850400270036953400290039665000330042565000610045865000520051965000540057165000540062570000270067970000460070670000480075294200120080026400270081233600270083933700330086633800280089904000350092799900150096220220317000412.0141031s9999 ck 000 0 spa d a978607050436504a621.8bJ88d1 aJuvinell, Robert10aDiseño de elementos de máquinas cRobert C. Juvinall, Kurt M. Marshek ; revisión Andrés Ruiz Mijares ; con la colaboración en la traducción de Julio Fourner González a2a edición axvii, 833 páginas bilustracionesc28 cm. aIncluye índice aIncluye bibliografía tMachine component design142LEMBaDiseño de máquinas142LEMBaDiseño de máquinasvProblemas, ejercicios, etc142LEMBaMaquinariaxEquipo y accesoriosxDiseño142LEMBaDiseño industrialxProblemas y ejercicios14aDiseño industrial$v Problemas, ejercicios, etc.1 aMarshek, Kurt M9147941 aRuiz Mijares, Andréserevisión9147951 aFourner González, Julioetraductor914796 2ddccBK aMéxicobLimusac2013 atextobtxt2rdacontent asin mediaciónbn2rdamedia avolumenbnc2rdacarrier aCO-BoRNBPbspaerdacCO-BoRNBP c3940d3940